000 00523nam a2200145 4500
999 _c13270
_d13270
008 190221b ||||| |||| 00| 0 eng d
082 _aDPer 050 T48 Apr-June 2016 v. 187, n. 12-24.
100 _937080
_aAgtmael, Antoine van
245 _aBig business should learn from the rust belt/
_cAntoine van Agtmael and Fred Bakker.
260 _aHong Kong:
_bTime Asia,
_cc2016.
300 _av187 n15, page 19:
_billustrations;
_c27 cm.
650 _aBusiness.
_937081
700 _aBakker, Fred.
_eAuthor.
_937311
942 _2ddc
_cPER